[Event "ROM-ch U10"]
[Site "Calimanesti Caciulata"]
[Date "2019.04.17"]
[Round "4"]
[White "Ilie, Sebastian Gabriel"]
[Black "Robu, Denis Andrei"]
[Result "1-0"]
[WhiteElo "1052"]
[BlackElo "1001"]
[PlyCount "67"]
[EventDate "2019.04.15"]
[EventType "swiss"]
[EventRounds "9"]
[EventCountry "ROU"]
[SourceTitle "CBM 190 Extra"]
[Source "ChessBase"]
[SourceDate "2019.07.15"]
[SourceVersion "1"]
[SourceVersionDate "2019.07.15"]
[SourceQuality "1"]

1. d4 d5 2. c4 dxc4 3. e4 Nc6 4. Nf3 e6 5. Bxc4 Bb4+ 6. Nbd2 Bxd2+ 7. Bxd2 Nxd4 8. 0-0 Nxf3+ 9. Qxf3 Qxd2 10. Bb5+ Kf8 11. Qa3+ Qd6 12. Qf3 Nf6 13. Rfd1 Qe7 14. Rd2 g6 15. Rad1 Kg7 16. Qc3 c6 17. Bd3 Rd8 18. g4 c5 19. g5 Kh8 20. gxf6 Qf8 21. e5 b6 22. Bb5 Rxd2 23. Qxd2 Bb7 24. a4 Bd5 25. h3 Bf3 26. Be2 Bxe2 27. Qxe2 Rd8 28. b3 Rd4 29. Rd2 Qd8 30. Rxd4 Qxd4 31. Qe3 Qd8 32. Qh6 Qd1+ 33. Kh2 Qd8 34. Qg7# 1-0

[Event "ROM-ch U10"]
[Site "Calimanesti Caciulata"]
[Date "2019.04.15"]
[Round "1"]
[White "Ilie, Sebastian Gabriel"]
[Black "Radu, Teodor"]
[Result "0-1"]
[WhiteElo "1052"]
[BlackElo "1336"]
[PlyCount "78"]
[EventDate "2019.04.15"]
[EventType "swiss"]
[EventRounds "9"]
[EventCountry "ROU"]
[SourceTitle "CBM 190 Extra"]
[Source "ChessBase"]
[SourceDate "2019.07.15"]
[SourceVersion "1"]
[SourceVersionDate "2019.07.15"]
[SourceQuality "1"]

1. d4 d5 2. c4 e6 3. Nc3 Nf6 4. Bg5 Nbd7 5. Nf3 Be7 6. e3 0-0 7. Bd3 b6 8. 0-0 Bb7 9. Re1 Ne4 10. Bxe7 Qxe7 11. Qc2 Nxc3 12. bxc3 dxc4 13. Bxc4 Bxf3 14. gxf3 f5 15. Kh1 Rf6 16. Rg1 Rh6 17. Rg2 Rf8 18. Rag1 Rf7 19. Qb3 Nf8 20. d5 Kh8 21. dxe6 Nxe6 22. Rd1 Nc5 23. Qa3 Rf8 24. Bb5 c6 25. Bd3 Rd8 26. Rgg1 Qh4 27. Rg2 Rhd6 28. Qxa7 R6d7 29. Qxb6 Nxd3 30. Rd2 Nxf2+ 31. Rdxf2 Rd1+ 32. Rg1 Qxf2 33. Qxd8+ Rxd8 34. Rb1 Qxf3+ 35. Kg1 h6 36. Rf1 Qg4+ 37. Kh1 Rd2 38. Rg1 Qf3+ 39. Rg2 Rd1# 0-1

[Event "ROM-ch U10"]
[Site "Calimanesti"]
[Date "2018.03.29"]
[Round "4"]
[White "Anghel, Rares Mihai"]
[Black "Ilie, Sebastian Gabriel"]
[Result "1-0"]
[WhiteElo "1331"]
[BlackElo "1152"]
[PlyCount "52"]
[EventDate "2018.03.27"]
[EventType "swiss"]
[EventRounds "9"]
[EventCountry "ROU"]
[SourceTitle "CBM 183 Extra"]
[Source "ChessBase"]
[SourceDate "2018.04.19"]
[SourceVersion "1"]
[SourceVersionDate "2018.04.19"]
[SourceQuality "1"]

1. e4 d5 2. c4 c6 3. Nc3 dxc4 4. d4 b5 5. a3 Nd7 6. Nf3 e6 7. Bf4 Ne7 8. e5 Ng6 9. Bg5 Qc7 10. Be2 Be7 11. Be3 0-0 12. 0-0 f6 13. exf6 Nxf6 14. Ng5 Ng4 15. Bxg4 Bxg5 16. Bxg5 e5 17. Bxc8 Raxc8 18. dxe5 Qxe5 19. Be3 c5 20. Qd5+ Qxd5 21. Nxd5 Rfd8 22. Nc3 b4 23. Ne4 Rd5 24. Rfc1 Rf5 25. Nd6 Rcf8 26. Nxf5 Rxf5 1-0

[Event "ROM-ch U10"]
[Site "Calimanesti"]
[Date "2018.03.28"]
[Round "2"]
[White "Ilie, Sebastian Gabriel"]
[Black "Radu, David Cr"]
[Result "0-1"]
[WhiteElo "1152"]
[BlackElo "1427"]
[PlyCount "42"]
[EventDate "2018.03.27"]
[EventType "swiss"]
[EventRounds "9"]
[EventCountry "ROU"]
[SourceTitle "CBM 183 Extra"]
[Source "ChessBase"]
[SourceDate "2018.04.19"]
[SourceVersion "1"]
[SourceVersionDate "2018.04.19"]
[SourceQuality "1"]

1. d4 d5 2. c4 e6 3. Nc3 Be7 4. Nf3 Nf6 5. Bg5 h6 6. Bh4 0-0 7. e3 b6 8. Bd3 Bb7 9. 0-0 Nbd7 10. Qe2 c5 11. Rfd1 Ne4 12. Bg3 f5 13. Nd2 Bh4 14. Ncxe4 dxe4 15. Bc2 Bxg3 16. fxg3 Qf6 17. Ba4 Rad8 18. Rf1 cxd4 19. exd4 Qxd4+ 20. Kh1 Nc5 21. Bc2 Qxd2 0-1